00499nam a2200193 a 4500001001300000003000900013005001700022008004100039020000800080082001900088100002700107245003200134260003600166300000900202500003500211650001600246650001600262700002700278nice12345678IN_TiNIC20260116011510.0050524s1941 dela grp 000 0 urd  ac500a891.4391bZIA1 aZia Ul Qadiri, Maulana aMuraqqa-E-yadgar-e-shahadat aDelhibAastana Book Depotc1941 a192p aincludes index and biblioraphy aUrdu-Poetry aPoetry-Shia1 aZia Ul Qadiri, Maulana